Statistical analysis for engineers and scientists : (Record no. 11518)

000 -LEADER
fixed length control field 00737cam a2200241 a 4500
020 ## - INTERNATIONAL STANDARD BOOK NUMBER
ISBN 0078396085 (IBM)
020 ## - INTERNATIONAL STANDARD BOOK NUMBER
ISBN 9780078396083 (IBM)
020 ## - INTERNATIONAL STANDARD BOOK NUMBER
ISBN 0078396050 (Mac)
020 ## - INTERNATIONAL STANDARD BOOK NUMBER
ISBN 9780078396052 (Mac)
020 ## - INTERNATIONAL STANDARD BOOK NUMBER
ISBN 0071138463 (pbk.)
020 ## - INTERNATIONAL STANDARD BOOK NUMBER
ISBN 9780071138468 (pbk.)
040 ## - CATALOGING SOURCE
Transcribing agency DLC
082 ## - DEWEY DECIMAL CLASSIFICATION NUMBER
Classification number 519 MCG 1994 A030 Or.
100 1# - MAIN ENTRY--AUTHOR NAME
Personal name Barnes, J. Wesley.
245 10 - TITLE STATEMENT
Title Statistical analysis for engineers and scientists :
Remainder of title a computer-based approach /
260 ## - PUBLICATION, DISTRIBUTION, ETC. (IMPRINT)
Place of publication New York :
Name of publisher McGraw-Hill,
Year of publication c1994.
300 ## - PHYSICAL DESCRIPTION
Number of Pages xxvii, 396 p. :
Other physical details ill. ;
Dimensions 25 cm.
500 ## - GENERAL NOTE
General note Rev. ed. of: Statistical analysis for engineers. c1988.
500 ## - GENERAL NOTE
General note Includes index.
650 #0 - SUBJECT ADDED ENTRY--TOPICAL TERM
Topical Term Engineering
700 1# - ADDED ENTRY--PERSONAL NAME
Personal name Barnes, J. Wesley.
942 ## - ADDED ENTRY ELEMENTS (KOHA)
Koha item type សៀវភៅភាសាអង់គ្លេស
952 ## - LOCATION AND ITEM INFORMATION (KOHA)
Withdrawn status [LOCAL, KOHA] 0
Holdings
Permanent Location Date acquired Koha item type Lost status Shelving location Barcode Current Location Full call number
Library Block A2017-08-03សៀវភៅភាសាអង់គ្លេស A030A10661Library Block A519 MCG 1994 A030 Or.
មជ្ឈមណ្ឌលឯការនៃសាកលវិទ្យាល័យភូមិន្ទកសិកម្មចំការដូង

Powered by Koha